Ľudia sa vraj mýlia, keď si myslia, že dobré sú iba kamenné divadlá

Bibliographic Details
Main Author: Buzinkay, Alexander, 1961- (Author)
Corporate Author: Divadlo Actores Rožňava (Author)
Format: Article
Language:Slovak
PhysicalDescription:1 foto
Subjects:

MARC

LEADER 00000nab a2200000 a 4500
001 vtls001008784
003 SK-MaSNL
005 20260303193916.0
008 040720e20000120xo 0 slo
035 |a RV9384 
040 |a RVGKPD  |b slo  |c RVGKPD  |e AACR2 
041 0 |a slo 
044 |a xo  |c SK 
080 |a 792.2  |2 1981 
100 1 |a Buzinkay, Alexander,  |d 1961-   |4 aut  |9 105204 
245 1 0 |a Ľudia sa vraj mýlia, keď si myslia, že dobré sú iba kamenné divadlá 
300 |b 1 foto 
610 2 7 |a Divadlo Actores Rožňava  |2 RVGKPD  |9 58587 
650 0 7 |a divadlo  |2 RVGKPD  |9 3335 
651 7 |a Rožňava (Slovensko)  |2 RVGKPD  |9 17394 
655 7 |a periodikum  |2 snkbucl  |9 29553 
710 2 |a Divadlo Actores Rožňava  |4 aut  |9 58587 
773 0 8 |t Gemerský denník  |g Roč. 2, č.15, 20.1.2000, s. 9 
852 |a ZVYKNI  |b KIS3GCP 
999 |c 2154658  |d 2156588